00626nam a22002057a 450000500170000000800410001701000170005802000230007502000260009803500170012403700080014104000170014908200120016610000210017824500840019926000350028327000600031830000230037850000190040120090427105943.0080927t xxu||||| |||| 00| 0 eng d aB-318060-071 a0140190368c250.00 a9780140190366c250.00 aB-318060-071 bUBH adplbEnglish a158.128 aEaswaran, Eknath aMeditation :bcommonsense directions for an uncommon life /cby Eknath Easwaran aNew DelhibPenguin Booksc1996 a11 Community Centre, Panchsheel ParkbNew Delhie110017 a237p.c20cm. (pbk) aincludes index